01202nam a2200253Ia 450000500170000000800410001708200160005810000360007424501580011025000230026830000430029149000580033465000470039265000730043994200120051226400250052433600270054933700330057633800280060904000350063799900150067295201310068795201300081820220317001216.0160825s1993 ck a g 000 0 spa 04a351.07 G65m1 aGómez López, Carlos Enrique10aMetodología de investigación orientada a la gestión de administración pública en Colombiabmodulo autoformativocCarlos Enrique Gómez López a1a. reimpresión  a294 páginas bilustraciones c24 cm  aMódulos Autoformativos para educación a distancia142LEMBaMetodología de la Investigación 142LEMB aAdministración pública xInvestigación xMetodología  2ddccBK aBogotábEsapc1993 atextobtxt2rdacontent asin mediaciónbn2rdamedia avolumenbnc2rdacarrier aCO-BoRNBPbspaerdacCO-BoRNBP c6251d6251 00102ddc40708GENaMEACACIAbMEACACIAcGENd2025-05-14l0o351.07 G65mpACA02590r2025-05-14 15:16:43tEj.1w2025-05-14yBK 00102ddc40708GENaMESMARTIbMESMARTIcGENd2025-07-01l0o351.07 G65mpSM04049r2025-07-01 15:03:52tEj.1w2025-07-01yBK